Central Library, Doon University
WEBOPAC (ONLINE PUBLIC ACCESS CATALOGUE)

Research Methodology in Business (Record no. 61013)

MARC details
000 -LEADER
fixed length control field 00462nam a22001817a 4500
005 - DATE & TIME
control field 20260604132701.0
008 - FIXED-LENGTH DATA ELEMENTS--GENERAL INFORMATION
fixed length control field 260604b |||||||| |||| 00| 0 eng d
020 ## - ISBN
International Standard Book Number 9788119680474
Price 1995.00
040 ## - CATALOGING SOURCE
Original cataloging agency Doon University
041 ## - Language
Language English
082 ## - DDC NUMBER
Classification number 650.072
Book Number RAV
100 ## - MAIN ENTRY--PERSONAL NAME
Personal name Ravinder, Kumar
245 ## - TITLE STATEMENT
Title Research Methodology in Business
260 ## - PUBLICATION, DISTRIBUTION, ETC. (IMPRINT)
Place of publication, distribution, etc Delhi
Name of publisher, distributor, etc Academic
Date of publication, distribution, etc 2025
300 ## - PHYSICAL DESCRIPTION
Pages 408
650 ## - Subject
Subject Management (PM USHA)
942 ## - ADDED ENTRY ELEMENTS (KOHA)
Koha item type Books
100 ## - MAIN ENTRY--PERSONAL NAME
-- 25286
650 ## - Subject
-- 27020
952 ## - LOCATION AND ITEM INFORMATION (KOHA)
-- 2026-06-04
952 ## - LOCATION AND ITEM INFORMATION (KOHA)
-- 2026-06-04
952 ## - LOCATION AND ITEM INFORMATION (KOHA)
-- 2026-06-04
952 ## - LOCATION AND ITEM INFORMATION (KOHA)
-- 2026-06-04
952 ## - LOCATION AND ITEM INFORMATION (KOHA)
-- 2026-06-04
Holdings
Withdrawn status Lost status Source of classification or shelving scheme Damaged status Not for loan Location (home branch) Sublocation or collection (holding branch) Date acquired Koha full call number Accession No. Koha date last seen Koha item type Koha issues (times borrowed)
        Not For Loan Doon University Doon University 04.06.2026 650.072 RAV 34362 04.06.2026 Reference  
          Doon University Doon University 04.06.2026 650.072 RAV 34363 04.06.2026 Books  
          Doon University Doon University 04.06.2026 650.072 RAV 34364 04.06.2026 Books  
          Doon University Doon University 04.06.2026 650.072 RAV 34365 04.06.2026 Books  
          Doon University Doon University 04.06.2026 650.072 RAV 34366 04.06.2026 Books  
Contact : +91-135-2533126 (Library),+91-135-2533105 (Admin Office) , Email : doonlibrary@gmail.com

Powered by Koha